000 00629cam a2200229 a 4500
001 1861214
005 20180302044115.0
008 821206s1983 nyub b 000 0 eng
010 _a 82021149
020 _a0394330447 (pbk.) :
_c$9.95
040 _aDLC
_cDLC
_dDLC
_dOCoLC
_dDLC
041 _aeng
043 _an-us---
080 _a306.0973 KAT
082 0 0 _a306.0973 KAT
_219
100 _a20
101 _aPOL
245 0 0 _aColonial America :
504 _aIncludes bibliographical references.
906 _a7
_bcbc
_corignew
_d1
_eocip
_f19
_gy-gencatlg
942 _2ddc
_cBK
999 _c43988
_d43988